Nuevas relaciones entre cultura, política y desarrollo en América Latina /
Este trabajo aborda cuatro áreas en que cultura, política y desarrollo se relacionan estrechamente y resalta la importancia de esta condición relacional y dinámica de la cultura, como punto de partida para pensar formas renovadas de integración regional. REV//jmml
Kaydedildi:
| Yazar: | |
|---|---|
| Materyal Türü: | Metin |
| Konular: | |
| Etiketler: |
Etiketle
Etiket eklenmemiş, İlk siz ekleyin!
|
MARC
| LEADER | 00000 a a2200000 04500 | ||
|---|---|---|---|
| 001 | 17450 | ||
| 003 | |||
| 040 | |||
| 100 | |a Hopenhayn, Martin | ||
| 245 | |a Nuevas relaciones entre cultura, política y desarrollo en América Latina / |c Martin Hopenhayn | ||
| 520 | |a Este trabajo aborda cuatro áreas en que cultura, política y desarrollo se relacionan estrechamente y resalta la importancia de esta condición relacional y dinámica de la cultura, como punto de partida para pensar formas renovadas de integración regional. REV//jmml | ||
| 650 | |a CULTURA | ||
| 650 | |a POLITICA | ||
| 650 | |a DESARROLLO ECONOMICO Y SOCIAL | ||
| 650 | |a INTEGRACION ECONOMICA | ||
| 650 | |a MEDIOS DE COMUNICACION | ||
| 773 | |g número 14, volumen 4; páginas 65-77 | ||
| 999 | |c 20700 |d 20700 | ||
